000 00354nam a2200133Ia 4500
005 20260328101514.0
008 260328s9999||||xx |||||||||||||| ||und||
100 _aBecker, Hans J
245 0 _aEsempi di pianificazione edilizia in Finlandia /
_cHans J Becker
260 _bDi Comunita
300 _a174 p.
650 _aARQUITECTURA REGIONAL
942 _cBK
999 _c9297
_d9297